|
|
|
|
| LEADER |
00721nab a2200229 i 4500 |
| 001 |
misc64607 |
| 005 |
20240925144333.0 |
| 008 |
240226s1934 hu o 000 tur d |
| 040 |
|
|
|a SZTE Miscellanea Repozitórium
|b hun
|
| 041 |
|
|
|a tur
|
| 100 |
1 |
|
|a Salih Suat
|
| 245 |
1 |
0 |
|a Menteşe şivesi üzerinde bir tedkik
|h [elektronikus dokumentum] /
|c Salih Suat
|
| 260 |
|
|
|a Ege matbaası
|b Mersin
|c 1934
|
| 300 |
|
|
|a 7-10
|c 29 cm
|
| 300 |
|
|
|a [4] p.
|c 29 cm
|
| 490 |
0 |
|
|a Güney
|
| 561 |
|
|
|a Németh Gyula hagyaték
|
| 591 |
|
|
|a NOA 5289
|
| 650 |
|
4 |
|a Bölcsészettudományok
|
| 650 |
|
4 |
|a Nyelvek és irodalom
|
| 695 |
|
|
|a Török nyelvjárás
|
| 856 |
4 |
0 |
|u http://misc.bibl.u-szeged.hu/64607/1/5289_noa.pdf
|z Dokumentum-elérés
|